| 000 | 01656nam a2200373 a 4500 | ||
|---|---|---|---|
| 005 | 20240412113743.0 | ||
| 008 | 101001t1989||||ag a f |||| 001 0 spa d | ||
| 020 | _a9509020192 | ||
| 041 | _aspa | ||
| 092 |
_c616.1 _l10 _sCAB |
||
| 100 | 1 |
_aCabrera Fischer, Edmundo I. _93003 |
|
| 245 |
_aInsuficiencia cardiaca severa. _bInterpretación y tratamiento. Fundación Favaloro / _cEdmundo I. Cabrera Fischer. |
||
| 250 | _a1a ed. | ||
| 260 |
_aBuenos Aires: _bAkadia; _c1989. |
||
| 300 |
_a240 p. _bil. |
||
| 500 | _aCabrera Fischer, E. I. et al. (1989). Insuficiencia cardíaca severa. Interpretación y tratamiento. Fundación Favaloro. (1a ed.). Buenos Aires : Akadia. | ||
| 653 | _aBases fisiológicas de la insuficiencia cardíaca | ||
| 653 | _aNuevas drogas inotrópicas | ||
| 653 | _aCirculación extracorpórea | ||
| 653 | _aBalón de contrapulsión intraaórtica | ||
| 653 | _aSistemas de asistencia mecánica circulatoria 1: bomba a rodillo y centrífuga | ||
| 653 | _aSistemas de asistencia mecánica circulatoria 2: ventrículos artificiales | ||
| 653 | _aSistema COMDU para la mediación del volumen minuto del corazón artificial | ||
| 653 | _aAsistencia mecánica ventricular izquierda | ||
| 653 | _aTromboembolismo pulmonar | ||
| 653 | _aAsistencia mecánica ventricular derecha | ||
| 653 | _aCardiomioplastia | ||
| 653 | _aExperiencia local en cardiomioplastia para el tratamiento de la insuficiencia cardíaca | ||
| 653 | _aTransplante cardíaco | ||
| 700 | 1 |
_aChachques, Juan Carlos _eAutor _93004 |
|
| 700 | 1 |
_aPichel, Ricardo Horacio _eAutor _93005 |
|
| 700 | 1 |
_aFavaloro, Rene G. _eCol. _92612 |
|
| 942 |
_2ddc _cBK |
||
| 999 |
_c2216 _d2216 |
||